[Event "It \"]
[Site "masterchessopen.com Golden Sands (Bulgaria)"]
[Date "2012.06.12"]
[Round "9"]
[White "Al-Sayed Mohammed (QAT)"]
[Black "Georgiev Kiril (MKD)"]
[Result "0-1"]
[WhiteElo "2082"]
[BlackElo "2689"]

1.d4 Nf6 2.c4 e6 3.Nc3 Bb4 4.Qc2 d5 5.a3 Bxc3+ 6.Qxc3 O-O 7.Nf3 dxc4 8.Qxc4 b6
9.Bg5 Bb7 10.Rc1 c5 11.dxc5 h6 12.Bxf6 Qxf6 13.Qd4 Rc8 14.Qxf6 gxf6 15.Nd4
Rxc5 16.Rxc5 bxc5 17.Nb5 Nd7 18.e3 Kf8 19.f3 Bc6 20.Be2 Rb8 21.Nxa7 Ba4 22.b4
cxb4 23.axb4 Rb7 24.Nc8 Rc7 {#R} 0-1

[Event "It (open)"]
[Site "masterchessopen.com Barbera del Valles (Spain)"]
[Date "2012.07.08"]
[Round "5"]
[White "Narciso Dublan Marc (ESP)"]
[Black "Rios Cristian Camilo (COL)"]
[Result "1-0"]
[WhiteElo "2539"]
[BlackElo "2405"]

1.d4 Nf6 2.c4 e6 3.Nc3 Bb4 4.Qc2 d5 5.a3 Bxc3+ 6.Qxc3 c5 7.dxc5 d4 8.Qc2 Nc6
9.b4 e5 10.e4 a5 11.Rb1 Ne7 12.Bd3 O-O 13.Ne2 Nh5 14.O-O Ng6 15.f3 Ra6 16.g3
Bh3 17.Rf2 Ngf4 18.Bxf4 exf4 19.g4 Qg5 20.Nxd4 axb4 21.axb4 Rfa8 22.Bf1 Bxf1
23.Rbxf1 Ng3 24.hxg3 fxg3 25.Re2 h5 26.Qd2 Qh4 27.Nf5 Qh3 28.Qg5 g6 29.Qh4
{#r} 1-0

[Event "It (open)"]
[Site "masterchessopen.com Panevezys (Lithuania)"]
[Date "2012.08.16"]
[Round "6"]
[White "Petrovskis Olegs (LAT)"]
[Black "Kutkaitis Romualdas (LTU)"]
[Result "1-0"]
[WhiteElo "1906"]
[BlackElo "1665"]

1.d4 e6 2.c4 Nf6 3.Nc3 Bb4 4.Qc2 d5 5.a3 Bxc3+ 6.bxc3 h6 7.Bf4 c6 8.e3 O-O
9.Nf3 Nbd7 10.Bd3 Re8 11.O-O Qe7 12.c5 e5 13.Bxe5 Nxe5 14.Nxe5 Ne4 15.Bxe4
dxe4 16.Nc4 Qg5 17.Kh1 Re6 18.Nd6 b6 19.Nxe4 Qg6 20.f3 Re7 21.Qf2 Ba6 22.Rfe1
bxc5 23.Nxc5 Bc4 24.e4 Qd6 25.Rab1 Rae8 26.Rb4 Bb5 27.Reb1 a5 28.R4b2 Qf6
29.a4 Bc4 30.Rb8 Kh7 31.Qc2 g6 32.Rxe8 Rxe8 33.e5 Qd8 34.Ne4 {#r} 1-0

[Event "Ch France (open) (b)"]
[Site "masterchessopen.com Pau (France)"]
[Date "2012.08.21"]
[Round "7"]
[White "Le Bail Arielle (FRA)"]
[Black "Contois Frederick-Andre"]
[Result "1-0"]
[WhiteElo "1876"]
[BlackElo "1939"]

1.d4 Nf6 2.c4 e6 3.Nc3 Bb4 4.Qc2 d5 5.a3 Bxc3+ 6.Qxc3 O-O 7.Nf3 Ne4 8.Qc2 b6
9.g3 Bb7 10.Bg2 Nd7 11.O-O Rc8 12.Ne5 c5 13.Qa4 Nxe5 14.dxe5 Bc6 15.Qc2 f6
16.Bxe4 dxe4 17.Rd1 Qe7 18.exf6 Qxf6 19.Be3 Rcd8 20.b4 Rd4 21.Rdb1 e5 22.bxc5
bxc5 23.Qc3 Qf7 24.Rc1 Bb7 25.Qa5 Rxc4 26.Qxa7 Rxc1+ 27.Rxc1 c4 28.Qc5 Ba6
29.Qxe5 Qf5 30.Qd6 Rf6 31.Qb8+ Rf8 32.Qa7 Qc8 33.Rd1 Rf7 34.Qb6 Rf8 35.Rd6 Bb7
36.Qd4 Qe8 37.Rd7 {#r} 1-0

[Event "It (cat.8)"]
[Site "masterchessopen.com Budapest (Hungary)"]
[Date "2012.09.05"]
[Round "5"]
[White "Kantor Gergely (HUN)"]
[Black "Aswin Jayaram (IND)"]
[Result "0-1"]
[WhiteElo "2313"]
[BlackElo "2476"]

1.d4 Nf6 2.c4 e6 3.Nc3 Bb4 4.Qc2 d5 5.a3 Bxc3+ 6.Qxc3 c5 7.dxc5 d4 8.Qg3 Nc6
9.Nf3 e5 10.b4 e4 11.Ng5 O-O 12.Qd6 h6 13.Nh3 Be6 14.e3 d3 15.Bb2 Qxd6 16.cxd6
Bxc4 17.f3 Rfd8 18.Rc1 b5 19.Nf2 Rxd6 20.Kd2 Re8 21.fxe4 Ne5 22.h3 Nh5 23.Bd4
Ng3 24.Rg1 Rf6 25.Ng4 Nxe4+ {#R} 0-1

[Event "Olympiad"]
[Site "masterchessopen.com Istanbul (Turkey)"]
[Date "2012.09.06"]
[Round "9"]
[White "Parligras Mircea (ROM)"]
[Black "Winants Luc (BEL)"]
[Result "1-0"]
[WhiteElo "2618"]
[BlackElo "2543"]

1.d4 Nf6 2.c4 e6 3.Nc3 Bb4 4.Qc2 d5 5.a3 Bxc3+ 6.Qxc3 O-O 7.Nf3 dxc4 8.Qxc4 b6
9.Bg5 Ba6 10.Qa4 c5 11.dxc5 bxc5 12.Rc1 Qb6 13.Bxf6 gxf6 14.Rc2 Rd8 15.e3 Bxf1
16.Rxf1 Nd7 17.Ke2 Qb7 18.Rfc1 Rab8 19.Qg4+ Kf8 20.Kf1 Qb3 21.Qe4 Kg7 22.g3
Qb7 23.Qg4+ Kf8 24.e4 Rbc8 25.Qf4 Kg7 26.Kg1 Qb8 27.Qg4+ Kf8 28.Qh5 Kg7 29.Rd1
Ne5 30.Rxd8 Nxf3+ 31.Qxf3 Rxd8 32.Qg4+ Kf8 33.Qh5 f5 34.exf5 Qe5 35.Qh6+ Ke8
36.Qc1 Qxf5 37.Rxc5 Rd5 38.Rc8+ Ke7 39.Qc7+ Kf6 40.Qc3+ e5 41.Qc6+ Qe6
42.Qxe6+ Kxe6 43.Rc6+ Kf5 44.Rc7 {#r} 1-0

[Event "Ch Belgrade (team) (Premijer liga)"]
[Site "masterchessopen.com Belgrade (Serbia)"]
[Date "2012.10.10"]
[Round "9"]
[White "Mitic Miroljub (SRB)"]
[Black "Petrovic Petar (SRB)"]
[Result "1-0"]
[WhiteElo "2270"]
[BlackElo "2122"]

1.d4 Nf6 2.c4 e6 3.Nc3 Bb4 4.Qc2 d5 5.a3 Bxc3+ 6.Qxc3 a6 7.Nf3 O-O 8.e3 b6
9.b3 Bb7 10.Be2 Nbd7 11.Bb2 Re8 12.O-O Rc8 13.Rfd1 Qe7 14.Ne5 Red8 15.Bf3 Nxe5
16.dxe5 Ne4 17.Qc2 a5 18.cxd5 Ng5 19.Be2 exd5 20.Bg4 Rb8 21.f4 Ne4 22.f5 Qg5
23.Qe2 Bc8 24.Rf1 h5 25.Bh3 g6 26.e6 fxe6 27.fxe6 Re8 28.Rf7 Re7 29.Raf1 Rxf7
30.exf7+ Kf8 31.Bg7+ {#r} 1-0